00675nam a2200217 a 4500001001300000003000900013005001700022008004100039020002300080082001500103100001200118245007800130260004500208300000900253500003500262650001000297902000800307942000700315952011800322999001700440nice12345678IN_TiNIC20260116015314.0070913s1996 lita grp 000 0 eng  a9659010400 c10000a222.1bARI aAriel,  aTorah Rediscoveredb Challenging Centure of Misinterpretation and Neglect aLittlenton bFirst Fruits of Zion c1996 a208p aincludes index and biblioraphy aTorah bSRS cBK 001040708StackRoom-aHMIbHMId2007-09-13g100.00l0o222.1 ARIp11001880r2007-09-13v100.00w2007-09-13yBK c19160d19160